000 01089naa a22002897a 4500
001 BR8803040
003 BR-BrBNA
005 20240918180112.0
007 ta
008 230509b bl.||||| |||| 00| 0 por d
040 _aBR-BrBNA
_bpor
_cBiblioteca Nacional de Agricultura
041 _a(Pt)
072 _aQ02
_b1122
090 _aQ02 BR8803040
100 1 _aTorres, C.A. de G.
100 1 _aFigueiredo, A. de A.
111 1 _a4. Congresso Brasileiro de Ciencia e Tecnologia de Alimentos
_cRio de Janeiro, RJ (Brazil)
_d5-8 Oct 1980
245 1 _aExtracao de papaina de mamoeiros jovens integrais
260 3 _aRio de Janeiro, RJ (Brasil):
_c1980.
500 _aAnais do 4. Congresso Brasileiro de Ciencia e Tecnologia de Alimentos Rio de Janeiro, RJ (Brasil): 1980. p. 237-246 (BR8803040-AM)Q02
650 _aMAMAO
650 _aPAPAINA
650 _aEXTRACAO
773 0 _tAnais do 4. Congresso Brasileiro de Ciencia e Tecnologia de Alimentos
_wQ02 BR8803040
_gRio de Janeiro, RJ (Brasil), 1980. p. 237-246
909 _a202404
_bLucia
_c55
_dLucia Elande
942 _cAM
_2AGRIS
999 _c319229
_d319229